[PAROLES] - Un jour peut-être - MAC TYER - Paroles - Statistiques

Statistiques générales
  • Ce quiz a été pris 46 fois
    41 depuis la dernière actualisation
  • Le résultat moyen est 520 sur 595
Statistiques - réponses
Paroles % Correct
a
100%
à
100%
ai
100%
aime
100%
ami
100%
avais
100%
bébé
100%
C
100%
c
100%
ce
100%
commun
100%
connaitre
100%
d
100%
de
100%
De
100%
direct
100%
en
100%
es
100%
est
100%
Est
100%
être
100%
fait
100%
fois
100%
j
100%
J
100%
je
100%
Je
100%
jour
100%
kiffe
100%
l
100%
L
100%
la
100%
La
100%
100%
le
100%
Le
100%
m
100%
ma
100%
me
100%
mère
100%
mon
100%
Mon
100%
n
100%
nous
100%
On
100%
on
100%
ou
100%
peau
100%
peut
100%
première
100%
qu
100%
Quand
100%
que
100%
qui
100%
regard
100%
s
100%
t
100%
T
100%
Un
100%
un
100%
vue
100%
Des
95%
des
95%
heures
95%
par
95%
pas
95%
aimais
90%
âme
90%
au
90%
avait
90%
avec
90%
beauté
90%
choses
90%
comme
90%
coucou
90%
déesse
90%
enveloppe
90%
ex
90%
faisais
90%
même
90%
mes
90%
petits
90%
plus
90%
Plus
90%
pour
90%
princesse
90%
rêves
90%
sa
90%
se
90%
séparé
90%
SMS
90%
te
90%
téléphone
90%
une
90%
vie
90%
amour
86%
charnelle
86%
ci
86%
dernière
86%
fini
86%
kiffée
86%
plusieurs
86%
sur
86%
toi
86%
ton
86%
trop
86%
vision
86%
vrai
86%
Aimer
81%
aimer
81%
charme
81%
dangereux
81%
dans
81%
Dans
81%
déchiré
81%
heureux
81%
pourtant
81%
sans
81%
si
81%
suis
81%
celle
76%
douce
76%
du
76%
elle
76%
empêche
76%
face
76%
fantôme
76%
gestes
76%
infinie
76%
lumière
76%
mal
76%
mystère
76%
page
76%
passé
76%
Perdu
76%
plage
76%
pourquoi
76%
retourner
76%
savoir
76%
tourner
76%
tristesse
76%
villa
76%
voir
76%
aimait
71%
comprendre
71%
construire
71%
enfants
71%
faire
71%
moi
71%
ne
71%
tu
71%
vivre
71%
as
67%
aveugle
67%
avion
67%
bêtise
67%
biatch
67%
ça
67%
cette
67%
comprends
67%
pris
67%
rendre
67%
Soudain
67%
toujours
67%
traversé
67%
choisit
62%
cimetière
62%
deux
62%
effroyable
62%
enferme
62%
frontière
62%
les
62%
Les
62%
Mais
62%
table
62%
vais
62%
amer
57%
coeur
57%
dit
57%
goût
57%
grosses
57%
hasard
57%
laissé
57%
Laisse
57%
lit
57%
mois
57%
morte
57%
nouvelles
57%
surpris
57%
tard
57%
tomber
57%
Yeah
57%
allais
52%
années
52%
bien
52%
Bref
52%
cherchée
52%
cherches
52%
encore
52%
love
52%
manière
52%
pense
52%
recasse
52%
soir
52%
toute
52%
trouvée
52%
voulais
52%
calmes
48%
chacun
48%
Écorché
48%
étais
48%
fiancer
48%
histoire
48%
impossible
48%
jours
48%
maries
48%
nos
48%
Oui
48%
oui
48%
prêt
48%
revoit
48%
Rien
48%
sont
48%
vies
48%
vif
48%
attends
43%
autre
43%
boite
43%
bras
43%
demandes
43%
Jusqu
43%
passées
43%
car
38%
croise
38%
oublies
38%
donc
33%
vénère
33%
shrol
19%
cru
10%
Aucun quiz correspondant
Distribution des résultats
% des personnes avec chaque résultat
Percentile par nombre de réponses
Votre historique - résultats
Vous n’avez pas pris ce quiz depuis la dernière actualisation